书目信息 |
| 题名: |
大宋名后
|
|
| 作者: | 毕宝魁 著 | |
| 分册: | ||
| 出版信息: | 北京 中国文史出版社 2010.01 |
|
| 页数: | 295页 | |
| 开本: | 24cm | |
| 丛书名: | ||
| 单 册: | ||
| 中图分类: | I247.5 | |
| 科图分类: | ||
| 主题词: | 传记小说--zhuan ji xiao shuo--中国--当代 | |
| 电子资源: | ||
| ISBN: | 978-7-5034-2545-5 | |
| 000 | 00903nam0 2200241 450 | |
| 001 | 012011900582 | |
| 005 | 20111107153045.75 | |
| 010 | @a978-7-5034-2545-5@dCNY27.80 | |
| 100 | @a20110608d2010 em y0chiy0120 ea | |
| 101 | 0 | @achi |
| 102 | @aCN@b110000 | |
| 105 | @aa z 000ay | |
| 106 | @ar | |
| 200 | 1 | @a大宋名后@Ada song ming hou@e孟献皇后@f毕宝魁著@Fbi bao kui zhu |
| 210 | @a北京@c中国文史出版社@d2010.01 | |
| 215 | @a295页@c图@d24cm | |
| 330 | @a孟献皇后的一生充满传奇色彩,她是南宋王朝的实际缔造者,影响了半个世纪的历史。她历经磨难:两场大火烧不死,废弃二十余年困不死,奸臣谋害杀不死,遭金兵劫掠终逃一死。在国难当头、中原无主时,她突然出现,拥立赵构为帝。 | |
| 517 | 1 | @a孟献皇后@Ameng xian huang hou |
| 606 | 0 | @a传记小说@Azhuan ji xiao shuo@y中国@z当代 |
| 690 | @aI247.5@v4 | |
| 701 | 0 | @a毕宝魁@Abi bao kui@4著 |
| 801 | 0 | @aCN@bQSSK@c20111107 |
| 905 | @b793553-55@dI247.5@eB754@f3 | |
| 大宋名后:孟献皇后/毕宝魁著.-北京:中国文史出版社,2010.01 |
| 295页:图;24cm |
| ISBN 978-7-5034-2545-5:CNY27.80 |
| 孟献皇后的一生充满传奇色彩,她是南宋王朝的实际缔造者,影响了半个世纪的历史。她历经磨难:两场大火烧不死,废弃二十余年困不死,奸臣谋害杀不死,遭金兵劫掠终逃一死。在国难当头、中原无主时,她突然出现,拥立赵构为帝。 |
| ● |
| 相关链接 |
|
|
|
正题名:大宋名后
索取号:I247.5/B754
 
预约/预借
| 序号 | 登录号 | 条形码 | 馆藏地/架位号 | 状态 | 备注 |
| 1 | 793553 | 207935537 | 文学库108/108文学库 25排4列5层/ [索取号:I247.5/B754] | 在馆 | |
| 2 | 793554 | 207935546 | 社科二线400B/400B社科库 26排3列5层/ [索取号:I247.5/B754] | 在馆 | |
| 3 | 793555 | 207935555 | 文学库108/108文学库 25排4列5层/ [索取号:I247.5/B754] | 在馆 |